Statistiken für Top 15 der betroffenen Covid-19-Länder - 9. Februar 2022

Klicken Sie hier um das Quiz zu spielen!

Allgemein

  • Dieses Quiz wurde 26 mal gespielt
  • Das Durchschnittsergebnis liegt bei 15 aus 28

Antwortstatistiken

Land% Korrekt
Vereinigte Staaten
91%
Deutschland
86%
Frankreich
86%
Brasilien
82%
Indien
82%
Italien
82%
Polen
82%
Russland
77%
Spanien
77%
Vereinigtes Königreich
73%
Argentinien
68%
Belgien
59%
Niederlande
59%
Niederlande
59%
Schweiz
59%
Portugal
50%
Tschechien
45%
Dänemark
41%
Türkei
32%
Estland
27%
Iran
27%
Kolumbien
27%
Litauen
27%
Slowenien
23%
Georgien
18%
Israel
18%
Lettland
18%
Kroatien
14%

Verteilung der Resultate

Perzentil nach korrekt beantworteten Fragen

Anzahl Personen mit jedem Resultat

Ihre Resultats-Entwicklung

Sie haben dieses Quiz noch nicht gespielt